| Tag |
First Indicator |
Second Indicator |
Subfields |
| LEADER |
00000cam a2200000Ia 4500 |
| 001 |
in00001605721 |
| 005 |
20151023052124.0 |
| 008 |
001020s2000 fr af 000 0 fre d |
| 020 |
|
|
|a 2020438623
|
| 035 |
|
|
|a (OCoLC)ocm45324531
|
| 040 |
|
|
|a TZT
|b fre
|c TZT
|d GZM
|d TXA
|d UtOrBLW
|
| 049 |
|
|
|a TXAM
|
| 072 |
|
7 |
|a JN
|2 lcco
|
| 082 |
1 |
4 |
|a 320
|2 1
|
| 090 |
|
|
|a DC419.M65
|b M7 2000
|
| 245 |
0 |
0 |
|a Mitterrand raconté par :
|b le roman du pouvoir /
|c [rédaction par] Jean Lacouture, Patrick Rotman.
|
| 264 |
|
1 |
|a Paris :
|b Seuil,
|c [2000]
|
| 264 |
|
4 |
|c ©2000
|
| 300 |
|
|
|a 280 pages, 16 unnumbered pages of plates :
|b illustrations ;
|c 22 cm.
|
| 336 |
|
|
|a text
|b txt
|2 rdacontent
|
| 337 |
|
|
|a unmediated
|b n
|2 rdamedia
|
| 338 |
|
|
|a volume
|b nc
|2 rdacarrier
|
| 600 |
1 |
0 |
|a Mitterrand, François,
|d 1916-1996.
|
| 653 |
|
|
|a Political Science
|a French President
|
| 700 |
1 |
|
|a Lacouture, Jean.
|
| 700 |
1 |
|
|a Rotman, Patrick.
|
| 938 |
|
|
|a Jean Touzot Libraire Editeur
|b TOUZ
|n JTL00055385
|c 19,82 FRF
|
| 994 |
|
|
|a E0
|b TXA
|
| 948 |
|
|
|a cataloged
|b h
|c 2001/7/27
|d c
|e lmiller
|f 10:27:37 am
|
| 999 |
|
|
|a MARS
|
| 999 |
f |
f |
|s 1ae0bc80-b8b8-3a6c-a7c2-bf79bde97d44
|i 2f073cfc-58ca-3917-a04b-e69f01241a9c
|t 0
|
| 952 |
f |
f |
|p ric
|a Texas A&M University
|b Rellis Campus
|c Joint Library Facility
|d Remote Storage
|t 0
|e DC419.M65 M7 2000
|h Library of Congress classification
|i unmediated -- volume
|m A14826622160
|
| 998 |
f |
f |
|a DC419.M65 M7 2000
|t 0
|l Remote Storage
|